000 00628nam a2200205 4500
005 20210323111945.0
008 210323s1944 pe |||fr|||| 001 0bspa d
040 _aCENDOC CAAAP
_bspa
_cCAAAP
041 _aspa
050 _aFP 229
_b.F58Z9
100 1 _91844
_aValdez Lozano, Zacarías
245 1 3 _aEl verdadero Fitzcarrald ante la historia /
_cZacarías Valdez Lozano
250 _a1ra ed.
260 _aLima ,
_c1944
300 _a59 p.
600 1 0 _91845
_aFitzcarrald, Carlos Fermín
650 2 0 _91812
_aTrabajadores de la industria del caucho
_zAmazonía
650 2 0 _9391
_aExportaciones
942 _2lcc
_b23 - 03 - 21
_cBK
999 _c764
_d764